[Event "4NCL 3 South pool C"]
[Site "Reading, ENG"]
[Date "2017.04.30"]
[Round "10.41"]
[White "Tippleston, Charles E"]
[Black "Hall, John"]
[Result "0-1"]
[WhiteElo "2097"]
[BlackElo "2222"]
[PlyCount "92"]
[EventDate "2017.04.30"]
[WhiteTeam "MK Phoenix 1"]
[BlackTeam "Leeds University Old Boys"]

1. e4 c5 2. Nf3 d6 3. Bb5+ Nd7 4. d4 cxd4 5. Qxd4 a6 6. Bxd7+ Bxd7 7. c4 Rc8 8.
Nc3 e5 9. Qd3 Qc7 10. b3 b5 11. Nd2 Nf6 12. O-O Be7 13. Bb2 Qb7 14. Rfc1 O-O
15. cxb5 axb5 16. a3 Bc6 17. f3 Rfd8 18. Qe2 Nh5 19. Rd1 Nf4 20. Qf1 Qb6+ 21.
Kh1 Qe3 22. Ndb1 Ne6 23. Ra2 Qb6 24. Bc1 Qb7 25. Nd5 Nd4 26. Rb2 Bxd5 27. exd5
Qxd5 28. Be3 Qc6 29. Bxd4 exd4 30. Nd2 d5 31. Rbb1 Bxa3 32. Qd3 Qb6 33. Nf1 Bc5
34. Ng3 g6 35. Ne2 Re8 36. b4 Bf8 37. Nxd4 Rc4 38. Nc2 d4 39. Na3 Rxb4 40. Rxb4
Bxb4 41. Qxb5 Qxb5 42. Nxb5 d3 43. Nd4 d2 44. Nc2 Re1+ 45. Nxe1 dxe1=Q+ 46.
Rxe1 Bxe1 0-1

[Event "4NCL 3 South pool C"]
[Site "Reading, ENG"]
[Date "2017.04.30"]
[Round "10.42"]
[White "Pickard, Charles"]
[Black "Fraser-Mitchell, Jeremy N"]
[Result "1-0"]
[WhiteElo "2215"]
[BlackElo "2078"]
[PlyCount "97"]
[EventDate "2017.04.30"]
[WhiteTeam "Leeds University Old Boys"]
[BlackTeam "MK Phoenix 1"]

1. c4 f5 2. Nf3 Nf6 3. g3 g6 4. Bg2 Bg7 5. O-O O-O 6. Nc3 d6 7. d4 Qe8 8. b3 c6
9. Ba3 Na6 10. Rc1 Bd7 11. Re1 Bh6 12. Rb1 Qf7 13. Bc1 Qg7 14. Bg5 Ne4 15. Bxh6
Qxh6 16. Qc1 Qg7 17. b4 Rab8 18. Rd1 Qf6 19. Qe3 Nxc3 20. Qxc3 g5 21. Qd2 f4
22. e4 fxe3 23. Qxe3 g4 24. Ng5 h6 25. Ne4 Qg7 26. d5 Bf5 27. Qxa7 cxd5 28.
cxd5 Nc7 29. Qb6 Na8 30. Qe3 b5 31. Rbc1 Nb6 32. Nd2 Rb7 33. Re1 Ra8 34. Rc6
Rxa2 35. Rxb6 Rxb6 36. Qxb6 Rxd2 37. Qxb5 Qf8 38. Qb6 h5 39. Qe3 Ra2 40. b5 Bg6
41. b6 Rb2 42. h3 Qf6 43. Rc1 Bf5 44. hxg4 hxg4 45. Bf1 Be4 46. Rc4 Bf3 47. Rf4
Qe5 48. Qc1 Qg7 49. b7 1-0

[Event "4NCL 3 South pool C"]
[Site "Reading, ENG"]
[Date "2017.04.30"]
[Round "10.43"]
[White "Habershon, Paul F"]
[Black "McGann, Gary"]
[Result "1/2-1/2"]
[WhiteElo "2031"]
[BlackElo "2109"]
[PlyCount "28"]
[EventDate "2017.04.30"]
[WhiteTeam "MK Phoenix 1"]
[BlackTeam "Leeds University Old Boys"]

1. e4 b6 2. d4 Bb7 3. Bd3 Nf6 4. Qe2 Nc6 5. c3 e5 6. d5 Ne7 7. c4 Ng6 8. Bd2 c6
9. Nf3 Bc5 10. b4 Bd6 11. O-O O-O 12. g3 Re8 13. Bc2 Rc8 14. Bb3 Qe7 1/2-1/2

[Event "4NCL 3 South pool C"]
[Site "Reading, ENG"]
[Date "2017.04.30"]
[Round "10.44"]
[White "Taylor, Mark V"]
[Black "Smith, Graham"]
[Result "1-0"]
[WhiteElo "2000"]
[BlackElo "2011"]
[PlyCount "83"]
[EventDate "2017.04.30"]
[WhiteTeam "Leeds University Old Boys"]
[BlackTeam "MK Phoenix 1"]

1. d4 e6 2. c4 Bb4+ 3. Nd2 Nf6 4. a3 Be7 5. e4 d5 6. e5 Nfd7 7. Bd3 c5 8. Ngf3
Nc6 9. O-O O-O 10. Re1 f5 11. cxd5 exd5 12. Qc2 g6 13. e6 Nf6 14. dxc5 Ne4 15.
b4 Bxe6 16. Bb2 a6 17. Rad1 Qc7 18. Nb3 Bf6 19. Nbd4 Bf7 20. Nxc6 Bxb2 21. Qxb2
bxc6 22. Nd4 Rfb8 23. Rc1 a5 24. f3 axb4 25. axb4 Ra4 26. b5 Qe5 27. fxe4 Qxd4+
28. Qxd4 Rxd4 29. Bf1 dxe4 30. b6 Bb3 31. Rc3 Be6 32. Ra1 Bc8 33. Ra7 Bb7 34.
Bc4+ Kg7 35. Ba6 Rd7 36. Bxb7 Rbxb7 37. Rxb7 Rxb7 38. Ra3 Kf6 39. Ra7 Rb8 40.
Rc7 e3 41. Rxc6+ Ke5 42. Kf1 1-0

[Event "4NCL 3 South pool C"]
[Site "Reading, ENG"]
[Date "2017.04.30"]
[Round "10.45"]
[White "Elwin, Adrian G"]
[Black "Bourne, Iain"]
[Result "1/2-1/2"]
[WhiteElo "2004"]
[BlackElo "1997"]
[PlyCount "32"]
[EventDate "2017.04.30"]
[WhiteTeam "MK Phoenix 1"]
[BlackTeam "Leeds University Old Boys"]

1. d4 c5 2. d5 Nf6 3. c4 b5 4. Qc2 bxc4 5. e4 e6 6. Bxc4 exd5 7. exd5 d6 8. Nc3
Be7 9. Nge2 O-O 10. Bg5 Nbd7 11. Bxf6 Nxf6 12. h3 Re8 13. O-O Rb8 14. Rae1 Bf8
15. Ng3 Bd7 16. b3 Qc8 1/2-1/2

[Event "4NCL 3 South pool C"]
[Site "Reading, ENG"]
[Date "2017.04.30"]
[Round "10.46"]
[White "Harvey, John"]
[Black "Freeman, Richard C P"]
[Result "0-1"]
[WhiteElo "1727"]
[BlackElo "2004"]
[PlyCount "68"]
[EventDate "2017.04.30"]
[WhiteTeam "Leeds University Old Boys"]
[BlackTeam "MK Phoenix 1"]

1. e4 c5 2. Nf3 g6 3. d4 cxd4 4. Nxd4 Bg7 5. c4 Nc6 6. Be3 Nf6 7. Nc3 Ng4 8.
Qxg4 Nxd4 9. Qd1 Ne6 10. Qd2 Qa5 11. Rc1 b6 12. Be2 g5 13. O-O Qe5 14. Rfd1 d6
15. b4 Bb7 16. f3 O-O 17. g3 f5 18. Nd5 f4 19. Bf2 Rae8 20. g4 Kf7 21. a4 Rc8
22. Rc2 Nd8 23. Rdc1 Nc6 24. Rd1 Rfd8 25. b5 Na5 26. Qb4 h5 27. h3 hxg4 28.
hxg4 Rh8 29. Nxb6 axb6 30. Bxb6 Bxe4 31. Rcd2 Nb7 32. Kf1 Rh3 33. a5 Nc5 34. a6
Rch8 0-1

[Event "4NCL 3 South pool C"]
[Site "Reading, ENG"]
[Date "2017.05.01"]
[Round "11.11"]
[White "Thorarinsson, Pall A"]
[Black "Summerscale, Aaron P"]
[Result "1/2-1/2"]
[WhiteElo "2244"]
[BlackElo "2399"]
[PlyCount "54"]
[EventDate "2017.05.01"]
[WhiteTeam "Fermented Sharks"]
[BlackTeam "Wood Green MM 1"]

1. Nf3 d6 2. c4 e5 3. Nc3 f5 4. d4 e4 5. Ng5 c6 6. d5 Be7 7. Nh3 Nf6 8. g3 Na6
9. Bg2 O-O 10. O-O Nc7 11. f3 cxd5 12. cxd5 exf3 13. exf3 b5 14. b4 Nd7 15. Be3
Bf6 16. Bd4 Bxd4+ 17. Qxd4 Qf6 18. Rfd1 Bb7 19. Nf4 Rfc8 20. Qxf6 Nxf6 21. h4
Kf7 22. Bf1 a6 23. a4 bxa4 24. Rxa4 g6 25. Ra2 Rab8 26. Rad2 Ba8 27. Rd4 Nd7
1/2-1/2

[Event "4NCL 3 South pool C"]
[Site "Reading, ENG"]
[Date "2017.05.01"]
[Round "11.12"]
[White "Bulmaga, Irina"]
[Black "Moloney, Nicholas R"]
[Result "1-0"]
[WhiteElo "2237"]
[BlackElo "2181"]
[PlyCount "83"]
[EventDate "2017.05.01"]
[WhiteTeam "Wood Green MM 1"]
[BlackTeam "Fermented Sharks"]

1. e4 c6 2. d4 d5 3. e5 Bf5 4. Nf3 e6 5. Be2 Nd7 6. O-O Ne7 7. Nbd2 h6 8. Nb3
Qc7 9. Bd2 Nc8 10. Rc1 b5 11. Qe1 Ncb6 12. Nh4 Bh7 13. f4 Nc4 14. f5 Nxd2 15.
Nxd2 exf5 16. Nxf5 O-O-O 17. Ne3 Nb6 18. Nb3 Nc4 19. Nxc4 bxc4 20. Bg4+ Kb8 21.
Na5 Bg6 22. b4 Be7 23. Rb1 Qb6 24. Bf5 Bxf5 25. Rxf5 Rhf8 26. c3 g6 27. Rf3 Ka8
28. Qf2 Rb8 29. Rf1 a6 30. a3 f5 31. exf6 Bd6 32. Re1 Qc7 33. g3 Rf7 34. Kg2
Ka7 35. Qc2 Rbf8 36. Re6 Qd7 37. Rfe3 Kb6 38. Qe2 Rc8 39. Qg4 Rg8 40. Qh3 Rh8
41. Rxd6 Qxd6 42. Re6 1-0

[Event "4NCL 3 South pool C"]
[Site "Reading, ENG"]
[Date "2017.05.01"]
[Round "11.13"]
[White "Agnew, Alan"]
[Black "Meszaros, Gyula"]
[Result "0-1"]
[WhiteElo "2119"]
[BlackElo "2280"]
[PlyCount "124"]
[EventDate "2017.05.01"]
[WhiteTeam "Fermented Sharks"]
[BlackTeam "Wood Green MM 1"]

1. d4 e6 2. Nf3 Nf6 3. Bg5 c5 4. e3 Be7 5. Nbd2 cxd4 6. exd4 b6 7. Bd3 Bb7 8.
O-O d6 9. c4 Nbd7 10. Re1 O-O 11. b4 Re8 12. Qb3 Qc7 13. Rac1 Rac8 14. Qb1 Qb8
15. h3 Bf8 16. a3 g6 17. Ne4 Bg7 18. Nxf6+ Nxf6 19. Bxf6 Bxf6 20. Be4 Bxe4 21.
Qxe4 Rxc4 22. Qf4 Rxc1 23. Rxc1 Bg7 24. Rc6 e5 25. dxe5 dxe5 26. Qc4 b5 27. Qc2
e4 28. Ng5 e3 29. fxe3 Qe5 30. Nf3 Qxe3+ 31. Kh1 Qxa3 32. Rc7 Qa1+ 33. Kh2 Be5+
34. Nxe5 Qxe5+ 35. Kh1 Qe1+ 36. Kh2 Qxb4 37. Rxa7 Qf4+ 38. g3 Qc4 39. Qxc4 bxc4
40. Rc7 Re2+ 41. Kg1 Rc2 42. Kf1 h5 43. g4 h4 44. g5 Kf8 45. Kg1 Rc3 46. Kf2
Ke8 47. Ke2 Rxh3 48. Rxc4 Rg3 49. Rc5 h3 50. Kf2 h2 51. Rc8+ Ke7 52. Rh8 Rxg5
53. Rxh2 Ra5 54. Rh4 Ra3 55. Rd4 g5 56. Rc4 f6 57. Rb4 Kf7 58. Rc4 Kg6 59. Rb4
f5 60. Rc4 f4 61. Rc5 Kh5 62. Rc1 g4 0-1

[Event "4NCL 3 South pool C"]
[Site "Reading, ENG"]
[Date "2017.05.01"]
[Round "11.14"]
[White "Srebrnic, Ana"]
[Black "Okhai, Shabir"]
[Result "1/2-1/2"]
[WhiteElo "2189"]
[BlackElo "2114"]
[PlyCount "51"]
[EventDate "2017.05.01"]
[WhiteTeam "Wood Green MM 1"]
[BlackTeam "Fermented Sharks"]

1. Nf3 d5 2. g3 c5 3. Bg2 Nc6 4. O-O Nf6 5. d3 e6 6. Nbd2 Be7 7. e4 O-O 8. Re1
Nd7 9. exd5 exd5 10. d4 Bf6 11. dxc5 Nxc5 12. Nb3 Nxb3 13. axb3 d4 14. Nd2 Be6
15. Ne4 Be7 16. Bd2 Rc8 17. Qh5 Qd7 18. Nc5 Bxc5 19. Qxc5 d3 20. Bc3 dxc2 21.
Bxg7 Kxg7 22. Qg5+ Kh8 23. Qf6+ Kg8 24. Qg5+ Kh8 25. Qf6+ Kg8 26. Qg5+ 1/2-1/2

[Event "4NCL 3 South pool C"]
[Site "Reading, ENG"]
[Date "2017.05.01"]
[Round "11.15"]
[White "Millward, Kevin P"]
[Black "Sygnowski, Tomasz"]
[Result "0-1"]
[WhiteElo "2048"]
[BlackElo "2125"]
[PlyCount "134"]
[EventDate "2017.05.01"]
[WhiteTeam "Fermented Sharks"]
[BlackTeam "Wood Green MM 1"]

1. d4 Nf6 2. Bf4 d6 3. e3 g6 4. Nf3 Bg7 5. h3 c5 6. c3 O-O 7. Be2 Nc6 8. Nbd2
cxd4 9. cxd4 Be6 10. O-O Qb6 11. Qb1 Rac8 12. a3 Na5 13. b4 Nc4 14. Nxc4 Bxc4
15. Bxc4 Rxc4 16. Rc1 Rfc8 17. Qb2 Qc6 18. Rxc4 Qxc4 19. Nd2 Qc7 20. Qb3 h6 21.
Rb1 g5 22. Bg3 Qc2 23. Qxc2 Rxc2 24. Nb3 Ne4 25. Rc1 Ra2 26. Ra1 Re2 27. Na5
Nxg3 28. fxg3 Rxe3 29. Ra2 Bxd4 30. Kf1 b5 31. Nc6 Bb6 32. a4 bxa4 33. Rxa4 Kf8
34. g4 Re4 35. Ra6 Rc4 36. b5 Rc5 37. Nxa7 Bxa7 38. Rxa7 Rxb5 39. Ra8+ Kg7 40.
Re8 e6 41. Kf2 Rb3 42. Rd8 d5 43. Ke2 Rb4 44. Ke3 Rf4 45. Re8 f5 46. gxf5 d4+
47. Kd3 exf5 48. Re2 Kg6 49. Rd2 Kh5 50. Ke2 Kh4 51. Rd3 Re4+ 52. Kf2 Kh5 53.
Rb3 Re3 54. Rb5 Kg6 55. Rd5 Re4 56. Rd6+ Kg7 57. Rd7+ Kf6 58. Rd6+ Ke5 59. Rxh6
d3 60. Ra6 d2 61. Ra5+ Kd4 62. Ra8 Re1 63. Rd8+ Kc3 64. Rc8+ Kb4 65. Rb8+ Ka5
66. Ra8+ Kb6 67. Rd8 d1=Q 0-1

[Event "4NCL 3 South pool C"]
[Site "Reading, ENG"]
[Date "2017.05.01"]
[Round "11.16"]
[White "Manelidou, Maria"]
[Black "Niccoli, Tony"]
[Result "1-0"]
[WhiteElo "2109"]
[BlackElo "2037"]
[PlyCount "61"]
[EventDate "2017.05.01"]
[WhiteTeam "Wood Green MM 1"]
[BlackTeam "Fermented Sharks"]

1. e4 e5 2. Nf3 Nc6 3. d4 exd4 4. Nxd4 Bc5 5. Nb3 Bb6 6. Nc3 d6 7. Qe2 Nge7 8.
Be3 O-O 9. O-O-O f5 10. f4 fxe4 11. Bxb6 axb6 12. Qxe4 Bf5 13. Bc4+ Kh8 14. Qe2
Bg6 15. Rhf1 Nf5 16. Qf2 Nb4 17. g4 Ne7 18. Nd4 Bf7 19. Bxf7 Rxf7 20. a3 Nbc6
21. Ne6 Qd7 22. Ng5 Rff8 23. Qh4 h6 24. f5 Ng8 25. Ne6 Rf7 26. Rd5 Nce7 27. Nf4
Ra4 28. Qh5 Rf6 29. g5 Rxf5 30. Ng6+ Nxg6 31. Rdxf5 1-0

[Event "4NCL 3 South pool C"]
[Site "Reading, ENG"]
[Date "2017.05.01"]
[Round "11.21"]
[White "Tozer, Philip A A"]
[Black "Gill, Oliver"]
[Result "1/2-1/2"]
[WhiteElo "2158"]
[BlackElo "2134"]
[PlyCount "57"]
[EventDate "2017.05.01"]
[WhiteTeam "Anglian Avengers 2"]
[BlackTeam "Wessex"]

1. g3 d5 2. Nf3 c5 3. c4 e6 4. Bg2 Nc6 5. O-O Nf6 6. b3 Be7 7. Bb2 O-O 8. e3 b6
9. Qe2 Bb7 10. Nc3 Qd7 11. cxd5 Nxd5 12. Nxd5 exd5 13. d4 c4 14. Ne5 Nxe5 15.
dxe5 b5 16. Qd2 Rfd8 17. Bc3 Bc5 18. Rfd1 Qe6 19. b4 Bb6 20. Qb2 Bc6 21. Rd2
Rd7 22. Rad1 Rad8 23. Bd4 Bb7 24. Qc2 Bxd4 25. exd4 Qg6 26. Qc3 Bc8 27. Bh3 Rc7
28. Bxc8 Rdxc8 29. Re1 1/2-1/2

[Event "4NCL 3 South pool C"]
[Site "Reading, ENG"]
[Date "2017.05.01"]
[Round "11.22"]
[White "Pleasants, Allan J"]
[Black "Moore, Graham J"]
[Result "1-0"]
[WhiteElo "1982"]
[BlackElo "2088"]
[PlyCount "108"]
[EventDate "2017.05.01"]
[WhiteTeam "Wessex"]
[BlackTeam "Anglian Avengers 2"]

1. Nf3 Nf6 2. d4 g6 3. g3 Bg7 4. Bg2 O-O 5. O-O d6 6. c4 c6 7. Nc3 Qa5 8. Qd2
Nbd7 9. Rb1 Qa6 10. b3 e5 11. dxe5 dxe5 12. Bb2 Re8 13. Ng5 Nf8 14. Nce4 Nxe4
15. Nxe4 Bf5 16. Qc3 Bxe4 17. Bxe4 Ne6 18. Qc2 f5 19. Bg2 Qxa2 20. Ra1 Nd4 21.
Rxa2 Nxc2 22. Bxe5 Nb4 23. Ra4 Bxe5 24. Rxb4 Re7 25. e3 Bc3 26. Ra4 a5 27. Rd1
Kf7 28. Rd3 Bb4 29. Ra1 Rc8 30. Kf1 Rcc7 31. Ke2 Ke6 32. Rad1 b5 33. cxb5 cxb5
34. Bd5+ Kf6 35. h4 Rc2+ 36. Kf3 h6 37. Bg8 Kg7 38. Rd8 g5 39. hxg5 hxg5 40.
Rh1 g4+ 41. Kg2 Rxe3 42. Rh7+ Kg6 43. Ra8 Rd3 44. Raa7 Bc5 45. Ra6+ Rd6 46.
Rxd6+ Bxd6 47. Rb7 Bc5 48. Rxb5 Bxf2 49. Be6 Bc5+ 50. Kf1 f4 51. gxf4 g3 52.
Bd5 Kf5 53. Rxa5 Kxf4 54. Ra8 Rf2+ 1-0

[Event "4NCL 3 South pool C"]
[Site "Reading, ENG"]
[Date "2017.05.01"]
[Round "11.23"]
[White "Wallis, Ian J"]
[Black "Simons, Martin J"]
[Result "1/2-1/2"]
[WhiteElo "2110"]
[BlackElo "2036"]
[PlyCount "53"]
[EventDate "2017.05.01"]
[WhiteTeam "Anglian Avengers 2"]
[BlackTeam "Wessex"]

1. e4 Nc6 2. Nf3 d5 3. exd5 Qxd5 4. Nc3 Qa5 5. Bb5 Bd7 6. O-O a6 7. Bxc6 Bxc6
8. d4 Qh5 9. Ne5 Qxd1 10. Rxd1 Bd7 11. Nd5 Rc8 12. Nxd7 Kxd7 13. c4 e6 14. Nc3
Nf6 15. Be3 Be7 16. f3 Rcd8 17. Ne4 h6 18. Rab1 Rhe8 19. Nf2 Kc8 20. b4 b5 21.
Ne4 bxc4 22. Rdc1 Nd5 23. Bf2 f5 24. Nc5 Bxc5 25. dxc5 Kd7 26. Rxc4 c6 27. f4
1/2-1/2

[Event "4NCL 3 South pool C"]
[Site "Reading, ENG"]
[Date "2017.05.01"]
[Round "11.24"]
[White "Clark, Ian C"]
[Black "Gregory, Stephen J"]
[Result "1/2-1/2"]
[WhiteElo "1997"]
[BlackElo "2095"]
[PlyCount "90"]
[EventDate "2017.05.01"]
[WhiteTeam "Wessex"]
[BlackTeam "Anglian Avengers 2"]

1. e4 d6 2. d4 Nf6 3. Nc3 g6 4. Be2 Bg7 5. Be3 O-O 6. h3 e5 7. dxe5 dxe5 8.
Qxd8 Rxd8 9. Nf3 c6 10. O-O Nbd7 11. Rad1 Re8 12. a4 Bf8 13. Bc4 h6 14. Nd2 Nh5
15. Ne2 g5 16. h4 Nf4 17. hxg5 hxg5 18. Ng3 Nf6 19. Nf3 Nh7 20. Rd2 Kg7 21.
Rfd1 Kg6 22. Nf5 Bxf5 23. exf5+ Kxf5 24. Bxf7 Re7 25. Bc4 Nf6 26. g3 Rg7 27.
Rd8 Rxd8 28. Rxd8 Bb4 29. Bxa7 b5 30. axb5 cxb5 31. Bxb5 Nh3+ 32. Kg2 Rxa7 33.
Bd3+ Ke6 34. Bc4+ Ke7 35. Nxe5 Kxd8 36. Nc6+ Kc7 37. Nxa7 g4 38. f3 Ng5 39.
Nb5+ Kb6 40. fxg4 Nxg4 41. Bd3 Bc5 42. Nc3 Ne3+ 43. Kf2 Nxc2+ 44. Ke2 Nd4+ 45.
Kd1 Bd6 1/2-1/2

[Event "4NCL 3 South pool C"]
[Site "Reading, ENG"]
[Date "2017.05.01"]
[Round "11.25"]
[White "Peck, Silas"]
[Black "De Coverly, Roger D"]
[Result "1-0"]
[WhiteElo "2095"]
[BlackElo "1988"]
[PlyCount "121"]
[EventDate "2017.05.01"]
[WhiteTeam "Anglian Avengers 2"]
[BlackTeam "Wessex"]

1. e4 c5 2. Nf3 e6 3. d4 cxd4 4. Nxd4 Nf6 5. Nc3 d6 6. Be2 Be7 7. O-O O-O 8.
Be3 Nc6 9. f4 a6 10. a4 Qc7 11. Kh1 Bd7 12. Qe1 Nxd4 13. Bxd4 b6 14. Bd3 e5 15.
fxe5 dxe5 16. Qg3 Nh5 17. Qxe5 Qxe5 18. Bxe5 Bf6 19. Bd6 Rfc8 20. Nd5 Bd8 21.
Be7 b5 22. Be2 Nf6 23. Nxf6+ gxf6 24. Bxd8 Rxd8 25. a5 Kg7 26. Bd3 Bc6 27. Rf4
Ra7 28. Raf1 Rd6 29. Rg4+ Kf8 30. Rh4 Re7 31. h3 Re5 32. Rf5 Rxf5 33. exf5 Kg7
34. Rf4 Bd7 35. Kh2 Bc8 36. b4 h6 37. Kg3 Bb7 38. Kf2 Rd7 39. g4 Kf8 40. Ke3
Ke7 41. Rd4 Rc7 42. c4 bxc4 43. Rxc4 Rd7 44. h4 Kf8 45. h5 Ke7 46. Bc2 Kf8 47.
Rd4 Rc7 48. Ba4 Bc6 49. Bd1 Bb5 50. Kd2 Ke7 51. Bc2 Rc8 52. Bd3 Bxd3 53. Kxd3
Rc1 54. Ke4 Re1+ 55. Kd5 Kd7 56. Kc5+ Kc7 57. b5 axb5 58. Kxb5 Rb1+ 59. Ka6 Rc1
60. Rb4 Ra1 61. Rb7+ 1-0

[Event "4NCL 3 South pool C"]
[Site "Reading, ENG"]
[Date "2017.05.01"]
[Round "11.26"]
[White "Gregory, Keith D F"]
[Black "Myall, Ivan J"]
[Result "0-1"]
[WhiteElo "1998"]
[BlackElo "2057"]
[PlyCount "60"]
[EventDate "2017.05.01"]
[WhiteTeam "Wessex"]
[BlackTeam "Anglian Avengers 2"]

1. Nf3 d5 2. c4 c6 3. cxd5 cxd5 4. d4 Nf6 5. g3 Bg4 6. Bg2 Qc8 7. h3 Bxf3 8.
Bxf3 e6 9. O-O Bd6 10. Nc3 Nc6 11. b3 O-O 12. Bb2 Rd8 13. Bg2 Qd7 14. e3 Qe7
15. Qe2 Rac8 16. Rfc1 a6 17. f4 g6 18. Bf3 Ne8 19. a4 Ng7 20. Qg2 Nb4 21. Rd1
Kh8 22. Rac1 Rg8 23. Rd2 g5 24. f5 exf5 25. Re1 f4 26. e4 Rxc3 27. Bxc3 Rc8 28.
Ba1 dxe4 29. Rxe4 Rc1+ 30. Rd1 Qxe4 0-1

[Event "4NCL 3 South pool C"]
[Site "Reading, ENG"]
[Date "2017.05.01"]
[Round "11.31"]
[White "Hall, John"]
[Black "Harley, Andrew D"]
[Result "1/2-1/2"]
[WhiteElo "2222"]
[BlackElo "2194"]
[PlyCount "74"]
[EventDate "2017.05.01"]
[WhiteTeam "Leeds University Old Boys"]
[BlackTeam "Poisoned Pawns 1"]

1. e4 e6 2. d4 d5 3. Nc3 Bb4 4. e5 c5 5. a3 Bxc3+ 6. bxc3 Ne7 7. a4 Qc7 8. Nf3
h6 9. Bd3 b6 10. O-O O-O 11. Re1 Ba6 12. Ba3 Bxd3 13. cxd3 Nd7 14. c4 Rfc8 15.
Rc1 Qd8 16. dxc5 Nxc5 17. d4 Nb7 18. Bxe7 Qxe7 19. cxd5 exd5 20. Qe2 Na5 21.
Nd2 Qe6 22. f4 Rxc1 23. Rxc1 Rc8 24. Rf1 Qf5 25. g4 Qc2 26. Re1 Qxa4 27. Nf3
Rc2 28. Qd1 Qa2 29. e6 fxe6 30. Rxe6 Rg2+ 31. Kh1 Qc2 32. Re8+ Kh7 33. Qxc2+
Rxc2 34. f5 Nc6 35. Nh4 g5 36. fxg6+ Kg7 37. Re6 Nxd4 1/2-1/2

[Event "4NCL 3 South pool C"]
[Site "Reading, ENG"]
[Date "2017.05.01"]
[Round "11.32"]
[White "Clark, Kevin R"]
[Black "Pickard, Charles"]
[Result "1/2-1/2"]
[WhiteElo "2148"]
[BlackElo "2215"]
[PlyCount "26"]
[EventDate "2017.05.01"]
[WhiteTeam "Poisoned Pawns 1"]
[BlackTeam "Leeds University Old Boys"]

1. e4 c5 2. c3 e6 3. d4 d5 4. exd5 exd5 5. Nf3 Nc6 6. Bb5 Bd6 7. Be3 cxd4 8.
Nxd4 Nge7 9. Nd2 O-O 10. N2f3 Bg4 11. h3 Nxd4 12. Bxd4 Bxf3 13. Qxf3 Nc6
1/2-1/2

[Event "4NCL 3 South pool C"]
[Site "Reading, ENG"]
[Date "2017.05.01"]
[Round "11.33"]
[White "McGann, Gary"]
[Black "Swanson, Stephen"]
[Result "1/2-1/2"]
[WhiteElo "2109"]
[BlackElo "2171"]
[PlyCount "59"]
[EventDate "2017.05.01"]
[WhiteTeam "Leeds University Old Boys"]
[BlackTeam "Poisoned Pawns 1"]

1. d4 d6 2. Nc3 g6 3. Bf4 Bg7 4. Qd2 Nd7 5. Nf3 a6 6. e4 b5 7. h4 Bb7 8. h5 b4
9. Nd5 Bxd5 10. exd5 Nb6 11. h6 Bf6 12. g4 Nxd5 13. g5 Qd7 14. Bh3 Qb5 15. gxf6
Ngxf6 16. Bg5 Ne4 17. Qe2 Qxe2+ 18. Kxe2 Nxg5 19. Nxg5 f6 20. Ne4 Kf7 21. a3
Rhb8 22. a4 a5 23. Nd2 Ra7 24. Nc4 f5 25. Kd2 Kf6 26. Bg2 Nf4 27. Bc6 g5 28.
Rae1 e6 29. Re3 Rd8 30. f3 1/2-1/2

[Event "4NCL 3 South pool C"]
[Site "Reading, ENG"]
[Date "2017.05.01"]
[Round "11.34"]
[White "Byway, Paul V"]
[Black "Birkin, Mark H"]
[Result "1/2-1/2"]
[WhiteElo "2075"]
[BlackElo "2065"]
[PlyCount "85"]
[EventDate "2017.05.01"]
[WhiteTeam "Poisoned Pawns 1"]
[BlackTeam "Leeds University Old Boys"]

1. Nf3 e6 2. c4 f5 3. g3 Nf6 4. Bg2 Be7 5. O-O O-O 6. Nc3 d6 7. d3 Nc6 8. e4 e5
9. h3 Qe8 10. exf5 Bxf5 11. d4 Qh5 12. dxe5 dxe5 13. Nh4 Qxd1 14. Rxd1 Be6 15.
b3 Bc5 16. Be3 Bxe3 17. fxe3 g5 18. Nf3 h6 19. Nd2 Nb4 20. Nde4 Nxe4 21. Bxe4
Bxh3 22. Bxb7 Rab8 23. Be4 Bg4 24. Rd2 Rbd8 25. Rxd8 Rxd8 26. Nd5 Nxd5 27. cxd5
Bc8 28. Rc1 Bb7 29. Rxc7 Bxd5 30. Bh7+ Kf8 31. Rxa7 Bf3 32. e4 g4 33. Ra5 Rd1+
34. Kf2 Rd2+ 35. Ke3 Re2+ 36. Kd3 Rg2 37. Rxe5 Rxg3 38. Kd4 Be2 39. Ra5 Kg7 40.
Ra7+ Kf8 41. Ke5 Rc3 42. Bf5 g3 43. Ra8+ 1/2-1/2

[Event "4NCL 3 South pool C"]
[Site "Reading, ENG"]
[Date "2017.05.01"]
[Round "11.35"]
[White "Taylor, Mark V"]
[Black "Davison, Chris"]
[Result "0-1"]
[WhiteElo "2000"]
[BlackElo "2055"]
[PlyCount "64"]
[EventDate "2017.05.01"]
[WhiteTeam "Leeds University Old Boys"]
[BlackTeam "Poisoned Pawns 1"]

1. d4 Nf6 2. c4 Nc6 3. Nf3 e6 4. g3 Bb4+ 5. Bd2 a5 6. Nc3 d6 7. Bg2 O-O 8. O-O
Bxc3 9. Bxc3 Ne4 10. Qc2 f5 11. d5 exd5 12. cxd5 Ne7 13. Nd2 Nf6 14. Bxf6 Rxf6
15. Rac1 c5 16. dxc6 bxc6 17. Nf3 Qe8 18. Nd4 d5 19. Qc5 Bd7 20. Rc3 f4 21. e4
Rh6 22. exd5 Qh5 23. h4 Nxd5 24. Bf3 Qe5 25. Nxc6 Bxc6 26. Rd1 Rd8 27. Rcd3
Rhd6 28. gxf4 Qxf4 29. Bxd5+ Bxd5 30. Rxd5 Qg4+ 31. Kf1 Qh3+ 32. Ke2 Qe6+ 0-1

[Event "4NCL 3 South pool C"]
[Site "Reading, ENG"]
[Date "2017.05.01"]
[Round "11.36"]
[White "Rosen, Daniel B"]
[Black "Bourne, Iain"]
[Result "1-0"]
[WhiteElo "2047"]
[BlackElo "1997"]
[PlyCount "71"]
[EventDate "2017.05.01"]
[WhiteTeam "Poisoned Pawns 1"]
[BlackTeam "Leeds University Old Boys"]

1. e4 c5 2. Nc3 g6 3. f4 Bg7 4. Nf3 Nc6 5. g3 Rb8 6. Bg2 b5 7. O-O e6 8. d3 b4
9. Ne2 Nge7 10. c3 O-O 11. Be3 d6 12. Qd2 Qa5 13. c4 Rd8 14. Qc2 Qb6 15. Nd2 a5
16. Rad1 Bd7 17. g4 Nd4 18. Nxd4 cxd4 19. Bf2 f5 20. Bh4 Re8 21. exf5 gxf5 22.
Bxe7 Rxe7 23. gxf5 exf5 24. Bd5+ Be6 25. Rde1 Rbe8 26. Rxe6 Rxe6 27. Re1 Kf7
28. Nf3 Kf6 29. Rxe6+ Rxe6 30. Qg2 Bh6 31. Qh3 Re3 32. Qxh6+ Ke7 33. Ne5 Kd8
34. Qf8+ Kc7 35. Qf7+ Kc8 36. Be6+ 1-0

[Event "4NCL 3 South pool C"]
[Site "Reading, ENG"]
[Date "2017.05.01"]
[Round "11.41"]
[White "Rutter, Nick J"]
[Black "Habershon, Paul F"]
[Result "1-0"]
[WhiteElo "2140"]
[BlackElo "2031"]
[PlyCount "43"]
[EventDate "2017.05.01"]
[WhiteTeam "Shropshire 1"]
[BlackTeam "MK Phoenix 1"]

1. e4 e6 2. d4 d5 3. Nc3 Bb4 4. exd5 exd5 5. Bd3 Nf6 6. Qf3 Bg4 7. Qg3 Bd6 8.
Bf4 Bxf4 9. Qxf4 O-O 10. f3 Bh5 11. O-O-O c6 12. g4 Bg6 13. h4 Bxd3 14. Rxd3 b5
15. h5 a5 16. Nge2 a4 17. Ng3 b4 18. Nb1 Nbd7 19. Nf5 Nb6 20. Qg5 Ne8 21. Qxd8
Rxd8 22. Ne7+ 1-0

[Event "4NCL 3 South pool C"]
[Site "Reading, ENG"]
[Date "2017.05.01"]
[Round "11.42"]
[White "Fraser-Mitchell, Jeremy N"]
[Black "Whyte, Brian G"]
[Result "1/2-1/2"]
[WhiteElo "2078"]
[BlackElo "2065"]
[PlyCount "53"]
[EventDate "2017.05.01"]
[WhiteTeam "MK Phoenix 1"]
[BlackTeam "Shropshire 1"]

1. d4 e6 2. c4 Nf6 3. Nc3 d5 4. Bg5 a6 5. cxd5 exd5 6. e3 c6 7. Bd3 Bd6 8. Qc2
Nbd7 9. Nge2 Qc7 10. Bf4 O-O 11. Bxd6 Qxd6 12. Ng3 c5 13. O-O c4 14. Be2 b5 15.
Bf3 Bb7 16. Rad1 b4 17. Nf5 Qe6 18. Ne2 g6 19. Nfg3 Rac8 20. Rfe1 Rfe8 21. Nf4
Qd6 22. Nf1 Nf8 23. g3 Ne6 24. Nxe6 Rxe6 25. Bg2 Rce8 26. Nd2 Qc7 27. Nf3
1/2-1/2

[Event "4NCL 3 South pool C"]
[Site "Reading, ENG"]
[Date "2017.05.01"]
[Round "11.43"]
[White "Bryant, Richard B E"]
[Black "Smith, Graham"]
[Result "0-1"]
[WhiteElo "2072"]
[BlackElo "2011"]
[PlyCount "36"]
[EventDate "2017.05.01"]
[WhiteTeam "Shropshire 1"]
[BlackTeam "MK Phoenix 1"]

1. e4 d5 2. exd5 Nf6 3. c4 e6 4. dxe6 Bxe6 5. Be2 Qe7 6. d3 Nc6 7. Nf3 O-O-O 8.
Na3 Qb4+ 9. Kf1 Bc5 10. Nc2 Qb6 11. b4 Nxb4 12. Rb1 Ne4 13. Qe1 Nxc2 14. Rxb6
Nxe1 15. Rxe6 fxe6 16. dxe4 Nxf3 17. Bxf3 Rd4 18. Be2 Rhd8 0-1